000 01193nam a22002657a 4500
999 _c171655
_d171655
005 20220311110022.0
010 _aENG-127435-38
020 _c9495.00 (set of 4 vols.)
_a9789388548793 (4-vols.)
035 _aEN-110967-970
037 _bDBAD/PUB
082 _a347.5406
100 _a Woodroffe, John George
245 _aSir John Woodroffe & Syed Amir Ali’s Law of evidence /
_cby John Woodroffe [and] Syed Amir Ali
246 _aSir John Woodroffe and Syed Amir Ali’s Law of evidence
246 _a Law of evidence
250 _a21th ed.
260 _aGurgaon
_bLexis Nexis
_c2020
270 _a14th Floor, Building No. 10, Tower-B, DLF Cyber City, Phase-II,
_bGurgaon
_e122002
300 _a 4-vols.(ccIviii,1247,12p.; cci,1249-2584,19p.;ccxcv,2585-3834,14p.;ccxxix,3835-4937,12p.)
_c25cm(Hb)
500 _aVOLUME 1 TO 4
505 _avol-1-the Indian Evidence Act,1872 Secs.-1to24--vol-2-the Indian Evidence Act,1872 secs 25to 90A---vol-3-the Indian Evidence Act,1872 secs 91 to 114A---vol-4-the Indian Evidence Act,1872 secs 115toend and Appendices.
700 _a Ali, Syed Ameer,
700 _aKhan,Shakil Ahmad
942 _2ddc
_cEN
_mWOO
_h347.5406